000 00396cam a22001217a 4500
008 180718b1989 xxu||||| |||| 00| 0 eng d
082 _aA81x54 In2/81/5/PT10D
100 _aCensus of India 1981
245 _aGujarat: handicarft survey report, bamboo work
260 _aDelhi
_bThe Controller of Publications
_c1989
300 _a110+p.
440 _aCensus of India 1981. Series-5, Gujarat. Part-X D
999 _c482057
_d482057